000 00438nam a2200181Ia 4500
001 12948
005 20260306163018.0
008 260306t2009||||xx |||||||||||||| ||spa||
041 _aESP
082 _aRD 463.1
_bO28D
100 _aEditorial Oceáno
_eAUT
245 0 _aDiccionario de sinónimos y antónimos
260 _c2009
300 _a1022 páginas :
_c26 cm.
650 _aGEN
654 _aCHU
942 _cDIC
_dJUS
_fJUS
_2ddc
_n
999 _c12948
_d12948